=LDR 00000nam 2200000 4500 =001 INLIS000000000032131 =005 20130612134144 =008 ***********************************ind** =035 ##$$0010-061300000032131 =041 ##$$a ind =082 ##$$a 423 =090 ##$$a R. 423, Mud k =100 ##$$a MUDA, AK, Drs =245 ##$$a Kamus lengakap Inggris- Indonesia, Indonesia-Inggris di lengkapi dengan tenses, reguler verbs, irreguler verbs, Internatinal common abbrevlation, ibu kota dan mata uamng dunia, Drs. AK Muda =260 ##$$a Media Fortuna $b Surabaya =300 ##$$a 608 hlm, 19 cm =650 ##$$a kamus Bahasa Inggris =850 ##$$a NBPNMAT